[Event "DEM U12/U12w 2007"]
[Site "Willingen GER"]
[Date "2007.05.27"]
[Round "2"]
[White "Spiegelberg, Silvia"]
[Black "Polert, Annika"]
[Result "1-0"]
[Termination "normal"]
[Board "45"]
[WhiteElo "1347"]
[BlackElo "1008"]
[PlyCount "141"]
[WhiteFideId "24654450"]
[BlackFideId "24692328"]
[EventCountry "GER"]
[EventRounds "11"]
[EventType "swiss"]
[EventDate "2007.05.26"]

1. d4 d5 2. Bf4 Nf6 3. e3 Nc6 4. Nd2 Bf5 5. a3 e6 6. Ngf3 Bd6 7. Bg3 Qe7 8. Ne5
Bxe5 9. dxe5 Ng4 10. Nf3 f6 11. exf6 Qxf6 12. h3 Nge5 13. Nxe5 Nxe5 14. Qd4 Nc4
15. Qxf6 gxf6 16. b3 Nb6 17. c3 O-O-O 18. Bh4 Rhf8 19. O-O-O e5 20. f3 Rd7 21.
Be2 Be6 22. Kb2 Rd6 23. Rd2 Bf7 24. Rhd1 Bg6 25. c4 dxc4 26. Rxd6 cxd6 27. Rxd6
cxb3 28. Bxf6 Bc2 29. Bxe5 Na4+ 30. Kc1 Rf7 31. Rf6 Re7 32. Bf4 Nc3 33. Bc4 Kd8
34. Bg5 Ke8 35. a4 Rd7 36. Re6+ Kf8 37. Bh6+ Rg7 38. Bxg7+ Kxg7 39. Re7+ Kf6
40. Rxb7 a5 41. Bxb3 Bxb3 42. Rxb3 Nxa4 43. Rb5 Ke6 44. Rxa5 Nc3 45. Kd2 Nd5
46. Ra7 Ne7 47. Kd3 h6 48. Ra6+ Kf7 49. Rxh6 Nf5 50. Rh5 Ng7 51. Rh7 Kg6 52.
Rxg7+ Kxg7 53. e4 Kf6 54. Kd4 Ke6 55. h4 Kf7 56. g4 Kg7 57. Ke5 Kf7 58. f4 Kg7
59. h5 Kg8 60. g5 Kg7 61. f5 Kf7 62. h6 Kg8 63. g6 Kh8 64. g7+ Kg8 65. Kf6 Kh7
66. Kf7 Kxh6 67. g8=Q Kh5 68. Ke6 Kh4 69. f6 Kh5 70. Kf5 Kh6 71. Qg6# 0-1

[Event "DEM U12/U12w 2007"]
[Site "Willingen GER"]
[Date "2007.05.27"]
[Round "2"]
[White "Dehm, Tobias"]
[Black "Tran, My Linh"]
[Result "1-0"]
[Termination "normal"]
[Board "46"]
[WhiteElo "1334"]
[BlackElo "996"]
[PlyCount "105"]
[WhiteFideId "24654272"]
[BlackFideId "24682462"]
[EventCountry "GER"]
[EventRounds "11"]
[EventType "swiss"]
[EventDate "2007.05.26"]

1. e4 e5 2. Nf3 Nc6 3. Bc4 Bc5 4. c3 Nf6 5. d4 exd4 6. cxd4 Bb4+ 7. Bd2 Nxe4 8.
Bxb4 Nxb4 9. Bxf7+ Ke7 10. Qb3 d5 11. Ne5 Qd6 12. a3 Ng5 13. Bh5 Nc6 14. Qe3
Ne6 15. Nf7 Qf4 16. Nxh8 Ncxd4 17. O-O Nc2 18. Qxf4 Nxf4 19. Ra2 Nxh5 20. b4
Bf5 21. f3 Ne3 22. Re1 d4 23. g4 Bxb1 24. Rxb1 Nf4 25. Rd2 Rd8 26. Re1 Rd6 27.
Kf2 Kf8 28. Kg3 Ne6 29. f4 Kg8 30. f5 Ng5 31. Kf4 Nh3+ 32. Kg3 Ng5 33. Kf4 Nf7
34. Nxf7 Kxf7 35. Rc1 c6 36. a4 a6 37. h3 h6 38. Ke4 Kf6 39. Rxd4 Rxd4+ 40.
Kxd4 Ng2 41. Rd1 b6 42. Ke4 Ke7 43. Kf3 Nh4+ 44. Kg3 g5 45. Re1+ Kd6 46. Re6+
Kd5 47. Rxh6 Kc4 48. Rxc6+ Kxb4 49. Rxb6+ Ka5 50. Rh6 Kxa4 51. f6 Kb3 52. f7 a5
53. f8=Q 1-0

[Event "DEM U12/U12w 2007"]
[Site "Willingen GER"]
[Date "2007.05.27"]
[Round "2"]
[White "Dreßel, Stefanie"]
[Black "Kühnel, Lena"]
[Result "0-1"]
[Termination "normal"]
[Board "47"]
[WhiteElo "998"]
[BlackElo "1325"]
[PlyCount "52"]
[BlackFideId "24640956"]
[EventCountry "GER"]
[EventRounds "11"]
[EventType "swiss"]
[EventDate "2007.05.26"]

1. d4 d5 2. Nf3 Nf6 3. g3 e6 4. Bg2 c5 5. O-O Nc6 6. c4 dxc4 7. dxc5 Qxd1 8.
Rxd1 Bxc5 9. Nbd2 Ng4 10. e3 Nge5 11. b3 c3 12. Ne4 Bb4 13. a3 c2 14. Rf1 Be7
15. Ra2 Nxf3+ 16. Bxf3 Ne5 17. Bg2 O-O 18. Rxc2 Nd3 19. b4 Rd8 20. Rc7 Rd7 21.
Rxd7 Bxd7 22. Rd1 Rc8 23. Rxd3 Rxc1+ 24. Bf1 Bb5 25. Kg2 Bxd3 26. Bxd3 Ra1 0-1

[Event "DEM U12/U12w 2007"]
[Site "Willingen GER"]
[Date "2007.05.27"]
[Round "2"]
[White "Freis, Katrin"]
[Black "Spangenberg, Romy"]
[Result "0-1"]
[Termination "normal"]
[Board "48"]
[WhiteElo "939"]
[BlackElo "1307"]
[PlyCount "78"]
[WhiteFideId "24655783"]
[BlackFideId "4627997"]
[EventCountry "GER"]
[EventRounds "11"]
[EventType "swiss"]
[EventDate "2007.05.26"]

1. e4 c5 2. Nf3 e6 3. Nc3 Nc6 4. Bc4 a6 5. a3 b5 6. Ba2 Nf6 7. d3 Be7 8. Be3
Bb7 9. O-O Qc7 10. Re1 Rd8 11. a4 b4 12. Ne2 d5 13. exd5 exd5 14. Bf4 Qd7 15.
Ng3 O-O 16. Ne5 Nxe5 17. Bxe5 Rfe8 18. Qd2 Qc6 19. Qg5 h6 20. Qd2 c4 21. d4 Ne4
22. Nxe4 dxe4 23. c3 a5 24. Bb1 bxc3 25. Qc2 cxb2 26. Ra2 c3 27. f3 Qg6 28.
fxe4 Bb4 29. Bg3 Rxd4 30. Qb3 Bxe4 31. Bxe4 Rdxe4 32. Rxe4 Qxe4 33. h3 b1=Q+
34. Qxb1 Qxb1+ 35. Kh2 Qxa2 36. h4 c2 37. h5 c1=Q 38. Bf2 Qf1 39. Bg1 Qaxg2#
0-1